¿Puedes adivinar la forma de gobierno de estos paises? - Estadísticas

Estadísticas generales
  • Esta prueba ha sido intentada 64 veces
    63 desde el último reinicio
  • La puntuación promedio es 12 de 15
Estadísticas de respuestas
Pregunta Respuesta % Correcto
Estados Unidos de América Presidencialismo
95%
Corea del Norte Dictadura
91%
España Monarquía Constitucional
91%
México Presidencialismo
91%
Francia Presidencialismo
91%
Corea del Sur Presidencialismo
91%
Argentina Presidencialismo
86%
Brasil Presidencialismo
86%
Cuba Dictadura
82%
Reino Unido Monarquía Constitucional
82%
Catar Monarquía Absoluta
77%
Arabia Saudita Monarquía Absoluta
73%
Japón Monarquía Constitucional
50%
Egipto Presidencialismo
45%
Marruecos Monarquía Constitucional
18%
No se encontraron pruebas coincidentes
Distribución de puntuación
Porcentaje de gente con cada puntuación
Porcentaje por número respondido
Historial de tus puntuaciones
No has intentado esta prueba desde el último reinicio